000 01481cam a2200325 a 4500
999 _c232896
_d232896
001 12081629
003 Nust
005 20180117090024.0
008 000626s2000 enka b 001 0 eng
010 _a 00269155
020 _a0761967486
020 _a0761967494 (pbk)
040 _aDLC
_cDLC
_dDLC
050 0 0 _aJF1351
_b.L37 2000
082 0 0 _a351
_221
100 1 _aLane, Jan-Erik.
245 1 4 _aThe public sector :
_bconcepts, models, and approaches /
_cJan-Erik Lane.
250 _a3rd ed.
260 _aLondon ;
_aThousand Oaks, Calif. :
_bSage Publications,
_c2000.
300 _aix, 357 p. :
_bill. ;
_c24 cm.
504 _aIncludes bibliographical references (p. [330]-347) and index.
650 0 _aPublic administration.
856 4 2 _3Publisher description
_uhttp://www.loc.gov/catdir/enhancements/fy0657/00269155-d.html
856 4 1 _3Table of contents only
_uhttp://www.loc.gov/catdir/enhancements/fy0657/00269155-t.html
906 _a7
_bcbc
_corigcop
_d2
_encip
_f20
_gy-gencatlg
942 _2ddc
_cBK